|
|
|
|
| LEADER |
01004nam a2200277 u 4500 |
| 001 |
10029748 |
| 003 |
upatras |
| 005 |
20210117210011.0 |
| 008 |
990902s1996 us eng |
| 020 |
|
|
|a 0697243656
|
| 040 |
|
|
|a GR-PaULI
|c GR-PaULI
|
| 041 |
0 |
|
|a eng
|
| 082 |
0 |
4 |
|a 577.078
|
| 100 |
1 |
|
|a Cox, George W.
|9 14935
|
| 245 |
1 |
0 |
|a Laboratory manual of general ecology
|c George W. Cox
|
| 250 |
|
|
|a 7th ed.
|
| 260 |
|
|
|a Dubuque, IA
|b WCB
|c 1996
|
| 300 |
|
|
|a x, 278 p.
|b fig., tab.
|c 28 cm.
|e maps
|
| 504 |
|
|
|a Includes index
|
| 650 |
|
4 |
|a Οικολογία
|x Εγχειρίδια
|9 138021
|
| 650 |
|
4 |
|a Οικολογία
|x Πειράματα
|9 112012
|
| 852 |
|
|
|a GR-PaULI
|b ΠΑΤΡΑ
|b ΒΚΠ
|b ΒΣ1
|k ΑΣΧΞ
|h 577.078 COX
|m 045759
|p 025000059210
|t 1
|
| 942 |
|
|
|2 ddc
|c BK15
|
| 952 |
|
|
|0 0
|1 0
|4 0
|6 577_078000000000000_COX
|7 0
|9 198097
|a LISP
|b LISP
|c BSC
|d 2016-04-24
|i 045759
|l 0
|o 577.078 COX
|p 025000059210
|r 2016-04-24 00:00:00
|t 1
|w 2016-04-24
|y BK15
|
| 998 |
|
|
|c ΑΒΑΚΟΜΙΔΗ
|d 2009-12
|
| 999 |
|
|
|c 121651
|d 121651
|